Loading...
Indian films 1972 /
| Hovedforfatter: | |
|---|---|
| Format: | Printed Book |
| Sprog: | English |
| Udgivet: |
New Delhi:
Allied publishers,
1973.
|
| LEADER | 00477 a2200121 4500 | ||
|---|---|---|---|
| 008 | 100208b ||||| |||| 00| 0 eng d | ||
| 082 | |a 015.954 | ||
| 100 | |a Dharap, B. V. | ||
| 245 | |a Indian films 1972 / | ||
| 260 | |b Allied publishers, |c 1973. |a New Delhi: | ||
| 942 | |c BK | ||
| 999 | |c 312211 |d 312211 | ||
| 952 | |0 0 |1 0 |2 ddc |4 0 |6 015_954000000000000_DHA_IN |7 0 |9 358307 |a ECN |b ECN |c ST1 |d 2010-09-07 |e Indian Documentation Service, New Delhi |g 0.00 |i 2722 |l 0 |o 015.954 DHA/IN |p ECN2722 |r 2010-09-07 |w 2010-09-07 |y BK | ||